000 00469nam a2200121Ia 4500
008 220615s9999||||xx |||||||||||||| ||und||
100 _aMickaël Lallart
245 0 _aFerroelectrics - Characterization and Modeling
546 _aEnglish[eng]
650 _aPhysical Sciences||Engineering and Technology||Materials Science||Metals and Nonmetals||Electromagnetism
856 _uhttps://www.intechopen.com/books/ferroelectrics-characterization-and-modeling
942 _cEB
999 _c10742
_d10742